| 000 | 00647nam a2200229 i 4500 | ||
|---|---|---|---|
| 001 | 16691 | ||
| 003 | ES-MaACL | ||
| 005 | 20250111062527.0 | ||
| 007 | t| | ||
| 008 | 001025s2000 sp ||||1| spa d | ||
| 020 | _a84-339-2453-2 | ||
| 080 | _a821.134.2-31"19" | ||
| 100 | 1 |
_aPuértolas, Soledad. _994193 |
|
| 245 | 1 | 0 |
_aAdiós a las novias / _cSoledad Puértolas. |
| 250 | _a2ª ed. | ||
| 260 |
_aBarcelona : _bAnagrama, _c2000. |
||
| 300 |
_a238 p. ; _c22 cm. |
||
| 490 | 1 |
_aNarrativas hispánicas ; _v283 |
|
| 830 | 0 | 0 |
_aNarrativas hispánicas (Anagrama) _v283 _9178124 |
| 852 |
_aES-MaACL _jL-23846 _bR.129013 |
||
| 999 |
_c16691 _d16691 |
||